书目信息 |
| 题名: |
银行会计实务
|
|
| 作者: | 唐宴春 , 林发东 主编 | |
| 分册: | ||
| 出版信息: | 北京 中国财政经济出版社 2008.02 |
|
| 页数: | 167页 | |
| 开本: | 26cm | |
| 丛书名: | ||
| 单 册: | ||
| 中图分类: | F830.42 | |
| 科图分类: | ||
| 主题词: | 银行会计 | |
| 电子资源: | ||
| ISBN: | 978-7-5005-5617-6 | |
| 000 | 00699nam0 2200229 450 | |
| 001 | 0835568076 | |
| 005 | 20081218091356.18 | |
| 010 | @a978-7-5005-5617-6@dCNY14.00 | |
| 100 | @a20081217d2008 km y0chiy0120 ea | |
| 101 | 0 | @achi |
| 102 | @aCN@b110000 | |
| 200 | 1 | @a银行会计实务@Ayin hang kuai ji shi wu@f唐宴春,林发东主编@Ftang yan chun,lin fa dong zhu bian |
| 205 | @a2版 | |
| 210 | @a北京@c中国财政经济出版社@d2008.02 | |
| 215 | @a167页@d26cm | |
| 300 | @a中等职业教育国家规划教材 | |
| 606 | 0 | @a银行会计 |
| 690 | @aF830.42@v4 | |
| 701 | 0 | @a唐宴春@Atang yan chun@4主编 |
| 701 | 0 | @a林发东@Alin fa dong@4主编 |
| 801 | 0 | @aCN@b山东省滨州职业学院图书馆@c20081218 |
| 905 | @aBZT@dF830.42@e1@f5 | |
| 银行会计实务/唐宴春,林发东主编.-2版.-北京:中国财政经济出版社,2008.02 |
| 167页;26cm |
| 中等职业教育国家规划教材 |
| ISBN 978-7-5005-5617-6:CNY14.00 |
| ● |
| 相关链接 |
|
|
|
正题名:银行会计实务
索取号:F830.42/1
 
预约/预借
| 序号 | 登录号 | 条形码 | 馆藏地/架位号 | 状态 | 备注 |
| 1 | 0691393 | 2000691393 | 中心书库北库/ 北库036架A面4列3层32/ [索取号:F830.42/1] | 在馆 | |
| 2 | 0691394 | 2000691394 | 中心书库北库/ 北库036架A面4列3层33/ [索取号:F830.42/1] | 在馆 | |
| 3 | 0691395 | 2000691395 | 中心书库北库/ 北库036架A面4列3层31/ [索取号:F830.42/1] | 在馆 | |
| 4 | 0691396 | 2000691396 | 中心书库北库/ 北库036架A面4列3层34/ [索取号:F830.42/1] | 在馆 | |
| 5 | 2001741540 | 2001741540 | 样本书库/样004架A面5层1列/ [索取号:F830.42/1] | 在馆 |